[Event "TCh-FRA Top 16 GpA 2023"]
[Site "Chartres FRA"]
[Date "2023.06.05"]
[Round "5.1"]
[Board "8"]
[White "Daulyte-Cornette, Deimante"]
[Black "Steil-Antoni, Fiona"]
[Result "1-0"]
[WhiteTitle "IM"]
[BlackTitle "WIM"]
[WhiteElo "2354"]
[BlackElo "2185"]
[WhiteTeam "C'Chartres Echecs"]
[BlackTeam "Vandoeuvre Echecs"]
[WhiteFideId "12802859"]
[BlackFideId "4001249"]
[EventDate "2023.06.01"]

1. e4 c6 2. d4 g6 3. f4 Bg7 4. Nf3 d5 5. e5 Bg4 6. h3 Bxf3 7. Qxf3 e6 8. Bd3 Ne7
9. O-O Nd7 10. Be3 O-O 11. Nd2 a5 12. g4 f6 13. Qg3 c5 14. c3 cxd4 15. cxd4 Nc6
16. Nf3 Qb6 17. Qf2 a4 18. Rac1 Rac8 19. Qe2 Qa7 20. Bf2 fxe5 21. dxe5 Qb8 22.
Be3 Bh6 23. g5 Bg7 24. Bb5 Qa8 25. h4 a3 26. b3 Rf7 27. h5 gxh5 28. Qh2 Nf8 29.
Qxh5 Ne7 30. Nd4 Nc6 31. Nxc6 bxc6 32. Bd3 Qa5 33. Bxh7+ Nxh7 34. g6 1-0

[Event "TCh-FRA Top 16 GpA 2023"]
[Site "Chartres FRA"]
[Date "2023.06.05"]
[Round "5.2"]
[Board "1"]
[White "Fedoseev, Vladimir3"]
[Black "Baklan, Vladimir"]
[Result "0-1"]
[WhiteTitle "GM"]
[BlackTitle "GM"]
[WhiteElo "2676"]
[BlackElo "2544"]
[WhiteTeam "Cappelle la Grande"]
[BlackTeam "C.E.Strasbourg"]
[WhiteFideId "24130737"]
[BlackFideId "14102196"]
[EventDate "2023.06.01"]

1. d4 Nf6 2. c4 e6 3. Nc3 Bb4 4. Qc2 d5 5. cxd5 Qxd5 6. e3 c5 7. Bd2 Bxc3 8.
bxc3 Nc6 9. Nf3 O-O 10. Be2 b6 11. O-O Bb7 12. Rfd1 Rac8 13. Qa4 Rfd8 14. Be1
Qd6 15. Qb5 Ne4 16. Rac1 Qb8 17. Qb1 Ne7 18. Ne5 Nd6 19. f3 f6 20. Nc4 cxd4 21.
cxd4 Nxc4 22. Bxc4 Bd5 23. Ba6 Bb7 24. Bg3 Qa8 25. Bd3 h6 26. Bc2 Bd5 27. a4 Qb7
28. e4 Bc4 29. Qb2 Qd7 30. Bf2 Kh8 31. Rd2 Nc6 32. Rcd1 Na5 33. d5 e5 34. Be1
Ba6 35. Rf2 Nc4 36. Qb3 Nd6 37. a5 bxa5 38. Bxa5 Rb8 39. Qa2 Rdc8 40. Qa1 Bb5
41. Re1 a6 42. Bb3 Bc4 43. Bd1 Bb5 44. f4 Bd3 45. Bf3 Qa7 46. Bd2 Nc4 47. Bc1
Rb1 48. Qc3 Nd6 49. Qxd3 Rbxc1 50. Bd1 exf4 51. Kf1 R8c3 52. Qd2 Nc4 53. Qxf4
Qd4 54. Kg1 Rxd1 55. Rxd1 Qxd1+ 56. Rf1 Qd4+ 57. Kh1 Rc2 58. h3 Re2 59. Qg4 Qxe4
60. Rf4 Re1+ 61. Kh2 Qe5 62. Qc8+ Kh7 63. Qxc4 g5 0-1

[Event "TCh-FRA Top 16 GpA 2023"]
[Site "Chartres FRA"]
[Date "2023.06.05"]
[Round "5.2"]
[Board "3"]
[White "Dardha, Daniel"]
[Black "Kovchan, Alexander"]
[Result "0-1"]
[WhiteTitle "GM"]
[BlackTitle "GM"]
[WhiteElo "2619"]
[BlackElo "2446"]
[WhiteTeam "Cappelle la Grande"]
[BlackTeam "C.E.Strasbourg"]
[WhiteFideId "240990"]
[BlackFideId "14103052"]
[EventDate "2023.06.01"]

1. d4 Nf6 2. Bg5 e6 3. e4 h6 4. Bxf6 Qxf6 5. Nc3 Bb4 6. Qd3 Nc6 7. O-O-O Bxc3 8.
Qxc3 d6 9. Qe3 Bd7 10. Nf3 a6 11. Kb1 e5 12. d5 Ne7 13. Nd2 O-O 14. f3 Qg5 15.
Qf2 f5 16. Bd3 f4 17. g4 fxg3 18. hxg3 Rf7 19. Rdg1 Raf8 20. Qe1 Qf6 21. Rf1 Ng6
22. Rh5 Qe7 23. Qe3 Rf6 24. Be2 Be8 25. Rh2 R6f7 26. Bd3 Qd8 27. Qe2 Qg5 28. Qe1
b5 29. Rfh1 Qd8 30. Rh5 Rf6 31. Qe3 Qb8 32. Bf1 Qb6 33. Qxb6 cxb6 34. b4 Ne7 35.
R5h2 h5 36. Kb2 g5 37. Be2 Kg7 38. c4 Rh8 39. cxb5 axb5 40. Rc1 h4 41. Rc7 Rf7
42. g4 Ng6 43. Rc3 Nf4 44. Bf1 Bd7 45. Nb1 Ng6 46. Be2 Nf4 47. Bf1 Ng6 48. Be2
Nf4 49. Bf1 Ng6 50. Nd2 Ra8 51. Rc7 Rb8 52. Nb1 Rbf8 53. Nd2 Be8 54. Rc3 Bd7 55.
Rh1 Nf4 56. Ra3 Ng6 57. Ra6 Rb8 58. Ra7 Kf8 59. Rc7 Ke8 60. Rh2 Kd8 61. Ra7 Rf6
62. Be2 Nf4 63. Bf1 Ng6 64. Rh1 Nf4 65. Nb1 Ng6 66. Be2 Nf4 67. Bf1 Ng6 68. Nc3
Rxf3 69. Bxb5 Rf7 70. Bc6 Re7 71. Nb5 Bxc6 72. Rxe7 Bxb5 73. Re6 Nf4 74. Rxd6+
Ke7 75. Rh6 Be2 76. Kb3 b5 77. a4 bxa4+ 78. Ka3 Nd3 79. Rh2 Nf4 80. Rh1 Rc8 81.
b5 Bxb5 82. Kb4 Be8 83. Ra6 Nd3+ 84. Ka5 Nc5 85. Rh6 Nxe4 86. Re1 Rc4 87. Re6+
Kd7 88. Rxe5 Bg6 89. Re6 Bh7 90. Ra6 Bg8 91. Rd1 Rc5+ 92. Kxa4 Rxd5 93. Ra7+ Kd6
94. Re1 Rd4+ 95. Ka5 Be6 96. Rb1 Ke5 97. Re7 Rd5+ 98. Kb6 Rd7 99. Re8 Rd4 100.
Rf1 Nd6 101. Rh8 Rxg4 102. Rh6 Rb4+ 103. Ka5 Rb5+ 104. Ka6 Bc8+ 105. Ka7 Ne4
106. Rh8 Be6 107. Ka6 Rb2 108. Re1 h3 109. Rh5 Kf4 110. Rh6 Bf5 111. Rf1+ Rf2 0-1

[Event "TCh-FRA Top 16 GpA 2023"]
[Site "Chartres FRA"]
[Date "2023.06.05"]
[Round "5.2"]
[Board "4"]
[White "Sharif, Mehrshad"]
[Black "Ider, Borya"]
[Result "1/2-1/2"]
[WhiteTitle "IM"]
[BlackTitle "IM"]
[WhiteElo "2330"]
[BlackElo "2485"]
[WhiteTeam "C.E.Strasbourg"]
[BlackTeam "Cappelle la Grande"]
[WhiteFideId "600121"]
[BlackFideId "4901134"]
[EventDate "2023.06.01"]

1. Nf3 e6 2. g3 b5 3. e4 Bb7 4. Qe2 c5 5. Bg2 Qb6 6. O-O Nc6 7. a4 b4 8. d3 d6
9. Nbd2 Be7 10. Nc4 Qc7 11. Bf4 e5 12. Bd2 Nf6 13. c3 bxc3 14. bxc3 Ba6 15. Nh4
O-O 16. Nf5 Rab8 17. Rfb1 Rxb1+ 18. Rxb1 Rb8 19. Qd1 Bf8 20. Bg5 Ne8 21. Nfe3 h6
22. Nd5 Qc8 23. Bd2 Nc7 24. Nde3 Ne8 25. Nd5 Bxc4 26. dxc4 Na5 27. Bf1 Nc7 28.
Rxb8 Qxb8 29. Qg4 Nxd5 30. cxd5 Qb2 31. Bxh6 Qxc3 32. Bb5 Nb3 33. Be8 Nd4 34.
Be3 Qe1+ 35. Kg2 Qe2 36. Qxe2 Nxe2 37. Kf3 Nd4+ 38. Bxd4 exd4 39. Bb5 Be7 40.
Ke2 Bd8 1/2-1/2

[Event "TCh-FRA Top 16 GpA 2023"]
[Site "Chartres FRA"]
[Date "2023.06.05"]
[Round "5.2"]
[Board "5"]
[White "Nikolov, Momchil"]
[Black "Vitoux, Colomban"]
[Result "1/2-1/2"]
[WhiteTitle "GM"]
[BlackTitle "IM"]
[WhiteElo "2506"]
[BlackElo "2371"]
[WhiteTeam "Cappelle la Grande"]
[BlackTeam "C.E.Strasbourg"]
[WhiteFideId "2905710"]
[BlackFideId "628549"]
[EventDate "2023.06.01"]

1. d4 d5 2. c4 c6 3. Nf3 Nf6 4. Nc3 dxc4 5. a4 e6 6. e3 c5 7. Bxc4 Nc6 8. O-O
cxd4 9. exd4 Be7 10. Qe2 O-O 11. Rd1 Nb4 12. Bg5 Re8 13. Ne5 Bd7 14. Bxf6 Bxf6
15. Ne4 Bc6 16. Ra3 Bd5 17. Bb5 Nc6 18. Nxf6+ Qxf6 19. Rh3 Red8 20. Bxc6 bxc6
21. b4 a5 22. bxa5 Rxa5 23. Qc2 h6 24. Rc3 c5 25. Rxc5 Be4 26. Qc3 Qg5 27. g3
Rxc5 28. Qxc5 f6 29. Re1 Ba8 30. Nd3 Qg4 31. Qe7 Qf3 32. Qxd8+ Kh7 33. Qxa8 Qxa8
34. Nf4 e5 35. dxe5 Qa5 36. Nd3 fxe5 37. Rxe5 Qxa4 38. Re3 Qa1+ 39. Kg2 Qa8+ 40.
Kg1 Qa1+ 41. Ne1 Qc1 42. h4 Qd2 43. Nd3 Qc2 44. Ne5 Qd1+ 45. Kg2 Qd5+ 46. Nf3
Qc6 47. h5 Qd5 48. Re5 Qc4 49. Nh4 Qc6+ 50. Kh2 Qc2 51. Rf5 Qe4 52. Rf4 Qe2 53.
g4 Qe5 54. Kg3 Qc7 55. Ng6 Qd6 56. Kh3 Qd3+ 57. Kg2 Qd5+ 58. Rf3 Qc4 59. Rf4
Qd5+ 60. Rf3 Qc4 61. Nf4 Qc1 62. Re3 Qd1 63. Kg3 Qg1+ 64. Ng2 Qd1 65. f4 Qd5 66.
Nh4 Qd4 67. Re1 Qd5 68. Nf3 Qf7 69. Re5 Kg8 70. Rf5 Qd7 71. Rc5 Qe8 72. Rd5 Kh7
73. Rd6 Qe7 74. Rg6 Qe3 75. Rd6 Qe7 76. Rd5 Qf7 77. Rd3 Qc4 78. Re3 Qf7 79. Rc3
Qf6 80. Rc5 Qf7 81. Re5 Kg8 82. Ra5 Kh7 83. Ra8 Qb7 84. Rd8 Qe7 85. Rd5 Qf7 86.
Rd4 Qe8 87. Rd2 Kg8 88. Rd1 Qf7 89. Rh1 Qc7 90. Rh2 Qb8 91. Re2 Qc7 92. Re8+ Kf7
93. Ra8 Qc3 94. Rb8 Qa3 95. Rb5 Kf8 96. Rf5+ Kg8 97. g5 hxg5 98. Rxg5 Kh7 99.
Re5 Qd3 100. Re6 Qb3 101. Re8 Qd3 102. Rb8 Qe3 103. Rd8 g6 104. hxg6+ Kxg6 105.
Rd5 Kf6 106. Rg5 Qd3 107. Re5 Qc3 108. Kg4 Qc8+ 109. Kg3 Qc3 110. Rg5 1/2-1/2

[Event "TCh-FRA Top 16 GpA 2023"]
[Site "Chartres FRA"]
[Date "2023.06.05"]
[Round "5.2"]
[Board "6"]
[White "Roos, Louis"]
[Black "Jossien, Remy"]
[Result "1-0"]
[WhiteTitle "IM"]
[WhiteElo "2254"]
[BlackElo "2231"]
[WhiteTeam "C.E.Strasbourg"]
[BlackTeam "Cappelle la Grande"]
[WhiteFideId "600288"]
[BlackFideId "620238"]
[EventDate "2023.06.01"]

1. Nf3 g6 2. d4 Bg7 3. e4 d6 4. h3 Nd7 5. Bc4 e6 6. c3 Ne7 7. Qe2 a6 8. a4 b6 9.
Nbd2 Bb7 10. O-O h6 11. Re1 O-O 12. Bb3 d5 13. e5 c5 14. Nf1 cxd4 15. cxd4 a5
16. Bf4 Ba6 17. Qd2 Kh7 18. g4 Nc6 19. Bc2 Nb4 20. Bb1 Bxf1 21. Kxf1 Rc8 22. Ra3
b5 23. axb5 Qb6 24. h4 Qxb5+ 25. Kg2 Nb6 26. b3 Kg8 27. Bxh6 Rc7 28. h5 Rfc8 29.
Bxg7 Kxg7 30. h6+ Kh7 31. Ng5+ Kg8 32. h7+ 1-0

[Event "TCh-FRA Top 16 GpA 2023"]
[Site "Chartres FRA"]
[Date "2023.06.05"]
[Round "5.2"]
[Board "7"]
[White "Jossien, Arnaud"]
[Black "Roos, Jean-Luc"]
[Result "1-0"]
[WhiteTitle "FM"]
[BlackTitle "IM"]
[WhiteElo "2268"]
[BlackElo "2184"]
[WhiteTeam "Cappelle la Grande"]
[BlackTeam "C.E.Strasbourg"]
[WhiteFideId "605948"]
[BlackFideId "600601"]
[EventDate "2023.06.01"]

1. e4 c5 2. Nc3 Nc6 3. Bb5 e6 4. Bxc6 bxc6 5. d3 d6 6. f4 g6 7. Nf3 Bg7 8. O-O
Ne7 9. Qe1 Rb8 10. e5 d5 11. Na4 c4 12. Be3 cxd3 13. cxd3 a5 14. Rc1 O-O 15. Bd2
Qd7 16. b3 Qa7+ 17. Be3 Qa8 18. Bc5 Re8 19. g4 Ba6 20. Qe3 Bb5 21. Nb6 Qb7 22.
Nd4 Nc8 23. Nxc8 Rbxc8 24. Rc2 a4 25. b4 f6 26. Re2 Qa6 27. Rf3 fxe5 28. fxe5 a3
29. Ref2 Qa4 30. Kg2 Rc7 31. Qg5 Qa8 32. h4 Qc8 33. h5 gxh5 34. gxh5 Kh8 35. h6
Rg8 36. Kh1 Qb7 37. Rf8 Bxf8 38. Qxg8+ 1-0

[Event "TCh-FRA Top 16 GpA 2023"]
[Site "Chartres FRA"]
[Date "2023.06.05"]
[Round "5.2"]
[Board "8"]
[White "Koch, Marion"]
[Black "Lam, Sophie"]
[Result "0-1"]
[WhiteElo "1648"]
[BlackElo "2076"]
[WhiteTeam "C.E.Strasbourg"]
[BlackTeam "Cappelle la Grande"]
[WhiteFideId "26022133"]
[BlackFideId "633704"]
[EventDate "2023.06.01"]

1. d4 d6 2. e4 g6 3. Nc3 Bg7 4. Nf3 Nf6 5. Be2 c6 6. a4 Qc7 7. h3 Nbd7 8. O-O
O-O 9. Be3 Re8 10. Qd2 e5 11. dxe5 dxe5 12. Rfd1 Bf8 13. Bc4 Nb6 14. Bxb6 axb6
15. Ng5 Re7 16. Qd6 Qxd6 17. Rxd6 Kg7 18. Rad1 Rc7 19. R6d3 Bb4 20. Bxf7 Rxf7
21. Nxf7 Kxf7 22. f3 Nh5 23. Rd8 Be7 24. R8d2 Be6 25. Ra1 Bb4 26. Rdd1 Nf4 27.
Kh2 g5 28. Kh1 h5 29. Kh2 Ke7 30. g4 hxg4 31. hxg4 Rh8+ 32. Kg3 Rh3+ 33. Kf2
Bc5+ 34. Ke1 Be3 0-1

[Event "TCh-FRA Top 16 GpA 2023"]
[Site "Chartres FRA"]
[Date "2023.06.05"]
[Round "5.3"]
[Board "1"]
[White "Grandelius, Nils"]
[Black "Fressinet, Laurent"]
[Result "1/2-1/2"]
[WhiteTitle "GM"]
[BlackTitle "GM"]
[WhiteElo "2674"]
[BlackElo "2632"]
[WhiteTeam "Echiquier Chalonnais"]
[BlackTeam "Bischwiller"]
[WhiteFideId "1710400"]
[BlackFideId "608742"]
[EventDate "2023.06.01"]

1. e4 e5 2. Nf3 Nc6 3. Bb5 a6 4. Ba4 Nf6 5. O-O Be7 6. Re1 b5 7. Bb3 O-O 8. a4
Rb8 9. axb5 axb5 10. h3 d6 11. d3 h6 12. Be3 Re8 13. Nc3 Bf8 14. Nd5 Be6 15.
Nxf6+ Qxf6 16. c3 Ra8 17. Rxa8 Rxa8 18. d4 Ne7 19. Bxe6 Qxe6 20. Qd3 c6 21. Rd1
exd4 22. cxd4 Qc4 23. Qb1 Qa2 24. Qc2 Qc4 25. Qb1 Qa2 26. Qc2 Qc4 27. Rc1 Qxc2
28. Rxc2 Ra4 29. Kf1 Rc4 30. Rxc4 bxc4 31. Nd2 d5 1/2-1/2

[Event "TCh-FRA Top 16 GpA 2023"]
[Site "Chartres FRA"]
[Date "2023.06.05"]
[Round "5.3"]
[Board "2"]
[White "Bacrot, Etienne"]
[Black "Fedorchuk, Sergey A."]
[Result "1/2-1/2"]
[WhiteTitle "GM"]
[BlackTitle "GM"]
[WhiteElo "2672"]
[BlackElo "2579"]
[WhiteTeam "Bischwiller"]
[BlackTeam "Echiquier Chalonnais"]
[WhiteFideId "605506"]
[BlackFideId "14102536"]
[EventDate "2023.06.01"]

1. e4 c5 2. Nf3 e6 3. d4 cxd4 4. Nxd4 Nf6 5. Nc3 Nc6 6. Nxc6 bxc6 7. e5 Nd5 8.
Ne4 Bb7 9. Be2 c5 10. O-O Qc7 11. Nd6+ Bxd6 12. exd6 Qc6 13. f3 e5 14. c4 Nf4
15. Bxf4 exf4 16. Qd2 O-O 17. Rfe1 Rae8 18. Bd3 Re3 19. Rxe3 fxe3 20. Qxe3 Qxd6
21. Rd1 g6 22. b3 Rd8 23. h4 Kf8 24. Qh6+ Kg8 25. Qe3 Kf8 26. Qh6+ 1/2-1/2

[Event "TCh-FRA Top 16 GpA 2023"]
[Site "Chartres FRA"]
[Date "2023.06.05"]
[Round "5.3"]
[Board "3"]
[White "Korobov, Anton"]
[Black "Ragger, Markus"]
[Result "1/2-1/2"]
[WhiteTitle "GM"]
[BlackTitle "GM"]
[WhiteElo "2661"]
[BlackElo "2631"]
[WhiteTeam "Echiquier Chalonnais"]
[BlackTeam "Bischwiller"]
[WhiteFideId "14105730"]
[BlackFideId "1610856"]
[EventDate "2023.06.01"]

1. c4 c5 2. Nf3 Nf6 3. Nc3 d5 4. cxd5 Nxd5 5. d4 Nxc3 6. bxc3 g6 7. e3 Bg7 8.
Bb5+ Bd7 9. Be2 Qa5 10. Bd2 O-O 11. O-O Ba4 12. Qb1 Qc7 13. d5 Nd7 14. Qe4 b5
15. Qxe7 Rfe8 16. Qh4 Nf6 17. Rab1 a6 18. c4 bxc4 19. Rfc1 Ne4 20. Bxc4 h6 21.
Qf4 Qd7 22. Ba5 Bb5 23. Nd2 Nd6 24. Bf1 Rac8 25. Bc3 Bxc3 26. Rxc3 Bxf1 27. Rxf1
Nb5 28. Rcc1 Qxd5 29. Nf3 g5 30. Qg3 Qd6 31. Rfd1 Qxg3 32. hxg3 Re4 33. Rd7 Kf8
34. Rb7 Rc6 35. Rd1 c4 36. a4 Nd6 37. Rb8+ Re8 38. Nd4 Rc5 39. Rb6 Nf5 40. Nxf5
Rxf5 41. Rc6 Re4 42. Rd4 Rxd4 43. exd4 Ke7 44. Kf1 Rf6 45. Rxc4 Rb6 46. g4 Kd6
47. Rc5 Rb4 48. Ra5 Rxd4 49. Rxa6+ Ke5 50. a5 Rxg4 51. Rxh6 Ra4 52. Ra6 Ra1+ 53.
Ke2 Ra2+ 54. Kf3 g4+ 55. Kg3 Kf5 56. Ra8 Ra3+ 57. Kh4 Ra2 58. Rg8 Kf6 59. Rg5
Rxf2 60. Rxg4 Ke6 61. Rg5 f6 62. Kg3 Ra2 63. Rb5 f5 64. Rb6+ Ke5 65. a6 f4+ 66.
Kh3 Kf5 67. Rc6 Kg5 68. Rc5+ Kg6 69. Kg4 Rxa6 1/2-1/2

[Event "TCh-FRA Top 16 GpA 2023"]
[Site "Chartres FRA"]
[Date "2023.06.05"]
[Round "5.3"]
[Board "4"]
[White "Rodshtein, Maxim"]
[Black "Dorfman, Iossif"]
[Result "1/2-1/2"]
[WhiteTitle "GM"]
[BlackTitle "GM"]
[WhiteElo "2604"]
[BlackElo "2541"]
[WhiteTeam "Bischwiller"]
[BlackTeam "Echiquier Chalonnais"]
[WhiteFideId "2806851"]
[BlackFideId "604011"]
[EventDate "2023.06.01"]

1. e4 e5 2. Nf3 Nc6 3. Bb5 a6 4. Ba4 Nf6 5. d3 d6 6. c3 Be7 7. O-O O-O 8. h3 Re8
9. Re1 h6 10. Nbd2 Bf8 11. Nf1 b5 12. Bc2 d5 13. exd5 Qxd5 14. Ng3 Bb7 15. Bd2
Rad8 16. b4 a5 17. a3 axb4 18. axb4 Ra8 19. Rxa8 Rxa8 20. Qb1 Ra3 21. Qc1 Ra2
22. Bb1 Ra8 23. Qb2 Bd6 24. Be3 Ne7 25. Ne4 Nxe4 26. dxe4 Qc6 27. Bd3 Qa6 28.
Nd2 c6 29. Nb3 Qa2 30. Qxa2 Rxa2 31. Rd1 Bc8 32. Bxb5 cxb5 33. Rxd6 Be6 34. Nc5
Bc4 35. Rd8+ Kh7 36. Nd7 f6 37. Nb6 Rc2 38. Rd7 Ng6 39. Nxc4 bxc4 40. b5 Rxc3
41. b6 Rb3 42. g3 c3 43. Kf1 Nf8 44. Rc7 Ne6 45. Ke2 Nd4+ 46. Bxd4 exd4 47. Kd3
Rxb6 48. Kxd4 1/2-1/2

[Event "TCh-FRA Top 16 GpA 2023"]
[Site "Chartres FRA"]
[Date "2023.06.05"]
[Round "5.3"]
[Board "5"]
[White "Velten, Paul"]
[Black "Naiditsch, Arkadij"]
[Result "0-1"]
[WhiteTitle "GM"]
[BlackTitle "GM"]
[WhiteElo "2493"]
[BlackElo "2669"]
[WhiteTeam "Echiquier Chalonnais"]
[BlackTeam "Bischwiller"]
[WhiteFideId "681091"]
[BlackFideId "4650891"]
[EventDate "2023.06.01"]

1. d4 Nf6 2. c4 e6 3. Nf3 d5 4. Nc3 c6 5. Bg5 Nbd7 6. cxd5 exd5 7. e3 h6 8. Bh4
g5 9. Bg3 Nh5 10. Bd3 Nxg3 11. hxg3 Bg7 12. O-O Nb6 13. Ne5 h5 14. e4 dxe4 15.
Re1 f5 16. Bxe4 fxe4 17. Nxe4 O-O 18. Qxh5 Bf5 19. Nxg5 Nd5 20. g4 Nf4 21. Qh4
Ne6 22. Nef7 Rxf7 23. Rxe6 Qxg5 24. Qxg5 Bxe6 25. Re1 Bxa2 26. Qg6 Raf8 27. f3
Rd8 28. Ra1 Bc4 29. Rxa7 Kf8 30. Ra5 b5 31. Kh2 Bxd4 32. Qh6+ Bg7 33. Qg5 Re8
34. f4 Bf6 35. Qc5+ Be7 36. Qxc6 Rf6 37. Qb7 Rh6+ 38. Kg3 Bh4+ 39. Kf3 Be2# 0-1

[Event "TCh-FRA Top 16 GpA 2023"]
[Site "Chartres FRA"]
[Date "2023.06.05"]
[Round "5.3"]
[Board "6"]
[White "Maze, Sebastien"]
[Black "David, Alberto"]
[Result "1/2-1/2"]
[WhiteTitle "GM"]
[BlackTitle "GM"]
[WhiteElo "2539"]
[BlackElo "2540"]
[WhiteTeam "Bischwiller"]
[BlackTeam "Echiquier Chalonnais"]
[WhiteFideId "613762"]
[BlackFideId "4000013"]
[EventDate "2023.06.01"]

1. d4 Nf6 2. c4 e6 3. Nc3 Bb4 4. f3 O-O 5. a3 Bxc3+ 6. bxc3 Ne8 7. h4 c5 8. h5
h6 9. Nh3 cxd4 10. cxd4 b5 11. cxb5 a6 12. g4 f6 13. Qd3 Qa5+ 14. Bd2 Qxb5 15.
e3 Qxd3 16. Bxd3 Nc6 17. Nf4 Nc7 18. Rb1 d5 19. Kf2 Bd7 20. Rb7 Rfc8 21. Rhb1
Nd8 22. Ba5 Nxb7 23. Rxb7 Rab8 24. Rxb8 Rxb8 25. Bxc7 Rb2+ 26. Ke1 Ra2 27. Bd6
a5 28. e4 dxe4 29. fxe4 Rb2 30. Be2 Kf7 31. Bc7 Rb3 32. Bxa5 Rxa3 33. Bb6 Re3
34. Kf2 Rxe4 35. Ng2 e5 36. Bf3 Rxg4 37. Bxg4 Bxg4 38. dxe5 Ke6 1/2-1/2

[Event "TCh-FRA Top 16 GpA 2023"]
[Site "Chartres FRA"]
[Date "2023.06.05"]
[Round "5.3"]
[Board "7"]
[White "Salgado Lopez, Ivan"]
[Black "Le Roux, Jean-Pierre"]
[Result "1-0"]
[WhiteTitle "GM"]
[BlackTitle "GM"]
[WhiteElo "2591"]
[BlackElo "2509"]
[WhiteTeam "Echiquier Chalonnais"]
[BlackTeam "Bischwiller"]
[WhiteFideId "2257327"]
[BlackFideId "609404"]
[EventDate "2023.06.01"]

1. c4 e5 2. g3 Nf6 3. Bg2 h6 4. d3 Bc5 5. Nf3 d6 6. O-O O-O 7. Nc3 Nc6 8. a3 a5
9. e3 Bg4 10. h3 Bh5 11. b3 Nd7 12. Bb2 Ba7 13. Rc1 Re8 14. Qc2 Bg6 15. Nd2 Nc5
16. Nde4 Ne6 17. Nb5 Bb6 18. Nec3 Nc5 19. Rfd1 Ne7 20. b4 axb4 21. axb4 Na6 22.
Qb3 c6 23. Nxd6 Qxd6 24. c5 Qd8 25. cxb6 Qxb6 26. b5 Nc5 27. Qc2 cxb5 28. Nd5
Nxd5 29. Qxc5 Qxc5 30. Rxc5 Nb4 31. Bf1 Red8 32. d4 exd4 33. Rxb5 Nc6 34. exd4
Be4 35. d5 Na7 36. Rb4 Rxd5 37. Ra1 Bc2 38. Rxb7 Rd1 39. Rbxa7 Rxa7 40. Rxa7 Rb1
41. Bc3 1-0

[Event "TCh-FRA Top 16 GpA 2023"]
[Site "Chartres FRA"]
[Date "2023.06.05"]
[Round "5.3"]
[Board "8"]
[White "Sebag, Marie"]
[Black "Alexieva, Silvia"]
[Result "1-0"]
[WhiteTitle "GM"]
[BlackTitle "IM"]
[WhiteElo "2421"]
[BlackElo "2213"]
[WhiteTeam "Bischwiller"]
[BlackTeam "Echiquier Chalonnais"]
[WhiteFideId "617822"]
[BlackFideId "2902265"]
[EventDate "2023.06.01"]

1. e4 c5 2. Nf3 e6 3. c3 Nf6 4. e5 Nd5 5. d4 cxd4 6. cxd4 d6 7. Bc4 Nc6 8. O-O
Be7 9. Qe2 O-O 10. Nc3 Nxc3 11. bxc3 dxe5 12. dxe5 Qa5 13. Bd2 Rd8 14. Rfe1 b6
15. h4 Bb7 16. a4 Rac8 17. Bb5 a6 18. Reb1 axb5 19. axb5 Qxa1 20. Rxa1 Na5 21.
Be3 Bc5 22. h5 h6 23. Bxc5 Rxc5 24. Rd1 Bd5 25. Nd2 Rxc3 26. Ne4 Rc7 27. Nd6 Ra8
28. Qe3 Rc5 29. Qf4 Ra7 30. Rd3 Nc4 31. Ne8 Kf8 32. Nxg7 Nb2 33. Nxe6+ 1-0

[Event "TCh-FRA Top 16 GpA 2023"]
[Site "Chartres FRA"]
[Date "2023.06.05"]
[Round "5.4"]
[Board "1"]
[White "Pichot, Alan"]
[Black "Van Foreest, Lucas"]
[Result "1-0"]
[WhiteTitle "GM"]
[BlackTitle "GM"]
[WhiteElo "2638"]
[BlackElo "2547"]
[WhiteTeam "Lyon Olympique Echecs"]
[BlackTeam "Tremblay en France"]
[WhiteFideId "110973"]
[BlackFideId "1039792"]
[EventDate "2023.06.01"]

1. e4 e5 2. Nf3 Nc6 3. Bb5 Nf6 4. d3 Bc5 5. Bxc6 dxc6 6. Nbd2 Be6 7. O-O Bd6 8.
b3 Nd7 9. Bb2 c5 10. Nc4 f6 11. Nh4 g6 12. g3 Qe7 13. f4 O-O-O 14. fxe5 fxe5 15.
Qe2 Rhf8 16. Nf3 Bh3 17. Rf2 Rf7 18. Bc1 Re8 19. Bh6 Be6 20. Qd2 Bg4 21. Raf1
Rxf3 22. Rxf3 Bxf3 23. Rxf3 Qe6 24. Qf2 Qh3 25. Be3 Qe6 26. Rf7 Re7 27. Rf3 Re8
28. Kg2 Be7 29. Bc1 Rf8 30. Bb2 Rxf3 31. Qxf3 Bg5 32. Ne3 Bxe3 33. Qxe3 Qg4 34.
Qd2 b6 35. h3 Qe6 36. Qg5 a5 37. g4 a4 38. Kf2 b5 39. c4 Qd6 40. Ke2 axb3 41.
axb3 bxc4 42. bxc4 Qe6 43. Bc3 Qd6 44. Qh4 Nf8 45. Qg3 Nd7 46. Qf2 Qe7 47. Bb2
Kb7 48. Qe1 Qf6 49. Bc3 h5 50. gxh5 gxh5 51. Qg3 Qe6 52. h4 Qe8 53. Qg5 Kb6 54.
Kd2 Kb7 55. Kc2 Kc6 56. Qg1 Qf7 57. Bd2 Kd6 58. Qg5 Qh7 59. Ba5 Qf7 60. Qh6+ Nf6
61. Qh8 Nd7 62. Qc8 Nb6 63. Bxb6 Qf2+ 64. Kb3 cxb6 65. Qd8+ Ke6 66. Qxb6+ Ke7
67. Qb7+ Kf6 68. Qd7 Qg3 69. Ka4 Kg6 70. Qd8 1-0

[Event "TCh-FRA Top 16 GpA 2023"]
[Site "Chartres FRA"]
[Date "2023.06.05"]
[Round "5.4"]
[Board "2"]
[White "Shchekachev, Andrei"]
[Black "Ter-Sahakyan, Samvel"]
[Result "0-1"]
[WhiteTitle "GM"]
[BlackTitle "GM"]
[WhiteElo "2508"]
[BlackElo "2598"]
[WhiteTeam "Tremblay en France"]
[BlackTeam "Lyon Olympique Echecs"]
[WhiteFideId "4107730"]
[BlackFideId "13302531"]
[EventDate "2023.06.01"]

1. Nf3 d5 2. d3 Nc6 3. c3 e5 4. Qc2 a5 5. e4 Bc5 6. Be2 Nge7 7. O-O O-O 8. a4
Ng6 9. Na3 Nce7 10. Rd1 c6 11. d4 exd4 12. Nxd4 Qc7 13. Be3 Bd6 14. g3 f5 15.
exf5 Nxf5 16. Nxf5 Bxf5 17. Qb3 Be4 18. c4 Kh8 19. cxd5 Bxd5 20. Rxd5 cxd5 21.
Nb5 Qe7 22. Qxd5 Be5 23. Rc1 Rad8 24. Qb3 Qf6 25. Rc2 Ne7 26. f4 Bb8 27. Qc3 Qg6
28. Bc5 Rfe8 29. Rd2 Nd5 30. Qd4 Bxf4 0-1

[Event "TCh-FRA Top 16 GpA 2023"]
[Site "Chartres FRA"]
[Date "2023.06.05"]
[Round "5.4"]
[Board "3"]
[White "Grigoryan, Karen H."]
[Black "Flom, Gabriel"]
[Result "1-0"]
[WhiteTitle "GM"]
[BlackTitle "GM"]
[WhiteElo "2626"]
[BlackElo "2442"]
[WhiteTeam "Lyon Olympique Echecs"]
[BlackTeam "Tremblay en France"]
[WhiteFideId "13301004"]
[BlackFideId "621650"]
[EventDate "2023.06.01"]

1. d4 Nf6 2. c4 e6 3. g3 d5 4. Nf3 dxc4 5. Bg2 a6 6. Ne5 c5 7. Be3 Nd5 8. dxc5
Nxe3 9. Qxd8+ Kxd8 10. fxe3 Ke8 11. c6 Ra7 12. cxb7 Bxb7 13. Bxb7 Rxb7 14. Nxc4
Bb4+ 15. Kf2 Ke7 16. a3 Rc8 17. Rc1 Rbc7 18. b3 Bc5 19. Rd1 Nd7 20. Nbd2 f5 21.
Kf3 Ba7 22. Rab1 Nf6 23. e4 fxe4+ 24. Nxe4 Rf8 25. Rd2 Nd5+ 26. Kg2 Rb8 27. Rbb2
a5 28. a4 Rb4 29. Kf3 Rc8 30. Rd3 Rf8+ 31. Kg2 Ne3+ 32. Nxe3 Rxe4 33. Nd1 Rd4
34. Rxd4 Bxd4 35. Rd2 Bc5 36. Nb2 Rf2+ 37. Kh3 Rf1 38. Rc2 Bb4 39. Nd3 Rb1 40.
Rb2 Rxb2 41. Nxb2 Bc3 42. Nd3 Kf6 43. Kg2 h5 44. Kf3 g5 45. h3 Ke7 46. Nc5 Bd2
47. Ne4 Bc1 48. g4 hxg4+ 49. Kxg4 1-0